000 00915 a2200241 4500
003 dpl
005 20090115121638.0
008 090115t xxu||||| |||| 00| 0 eng d
010 _aENG-92516
020 _a9788184720556
_c280.00
035 _aEN-76049
037 _bD. B. Act. / pub
040 _cdpl
082 _a620.00151
100 _aSrinivasan, K.
245 _aEngineering mathematics-1:
_cby K. Srinivasan
_bfor first semester B.E., B. Tech., students common to all branches /
260 _aKumbakonam
_bAnuradha Publications
_c2008
270 _a7, West Patel Nagar,
_bNew Delhi
_e110 008
300 _avarious paging
_c22 cm (pbk)
650 _aMathematics.
942 _adpl
_cEN
_2ddc
_h620.00151
_mRAM
999 _c21019
_d21019